000 00483nam a2200181Ia 4500
005 20250508152349.0
008 008 250505s9999 xx 000 0 eng d
037 _aTextual
040 _aFEDL
_beng
_cFEDL
041 _aeng
_2eng
084 _a778.5, HAR
_qFEDL
100 _aHarrison Richard
245 0 _aTrue book about films
260 _aLondon, UK
_bFrederick Muller Ltd
_c1955
300 _a142p.
942 _cTEXL
_h778.5, HAR
999 _c1335929
_d1335929